| 000 | 00958nam a22003257a 4500 | ||
|---|---|---|---|
| 999 |
_c240 _d240 |
||
| 001 | 003731 | ||
| 003 | CoMeUDC003731 | ||
| 005 | 20181126150930.0 | ||
| 008 | 111130s2011 ck gr 00110dspa d | ||
| 015 | _ack-2011-xxxx | ||
| 020 | _a9789587197679 | ||
| 020 | _a9789587197686 | ||
| 020 | _a9789587197693 | ||
| 040 |
_aCO-BoBLA _bspa _cCoMeUDC |
||
| 041 | 0 | _aspa | |
| 082 | 0 | 4 |
_a320.5 _bP153p _221 |
| 100 | 1 |
_aPalacios, Marco, _d1944- |
|
| 245 | 1 | 0 |
_aPopulistas, el poder de las palabras : _bestudios de política / _cMarco Palacios. |
| 260 |
_aBogotá : _bUniversidad Nacional de Colombia, _c2011. |
||
| 300 |
_a251 p. ; _c25 cm. |
||
| 490 | 0 | _aColección obra selecta | |
| 504 | _aIncluye bibliografías e índice. | ||
| 650 | 0 |
_aPoder (Ciencias políticas) _9456 |
|
| 650 | 4 | _aPopularismo. | |
| 650 | 0 |
_aIdeología. _9457 |
|
| 650 | _aEconomistas. | ||
| 650 | 4 |
_aViolencia _z Colombia. |
|
| 942 |
_2ddc _cBK |
||
| 949 |
_an _bn |
||